000 00480nam a2200181Ia 4500
005 20250508150357.0
008 008 250505s9999 xx 000 0 eng d
037 _aTextual
040 _aFEDL
_beng
_cFEDL
041 _aeng
_2eng
084 _a423.1, CRO
_qFEDL
100 _aRadford Edwin
_9756536
245 0 _aCrowther's encyclopaedia of phrases and origins
260 _c1945
300 _a151p.
942 _cTEXL
_h423.1, CRO
999 _c1323294
_d1323294